| 000 | 00525nam a22001697a 4500 | ||
|---|---|---|---|
| 999 |
_c8713 _d8713 |
||
| 008 | 201211b ||||| |||| 00| 0 eng d | ||
| 040 | _aBMS College of Archtiecture | ||
| 100 | _aShweta, G | ||
| 245 | _aCentre for rehabilitation of juvenile offenders | ||
| 300 | _aiv,46p. | ||
| 500 | _a1BM11AT020 | ||
| 502 |
_8B,Arch _NBMS College of Architecture, Visvesvaraya Technological University (VTU) _aProject report _d2015 |
||
| 650 | _aNA | ||
| 700 |
_aSowmya M _eGuide |
||
| 700 |
_aChaitali Babbar _eGuide |
||
| 942 |
_2ddc _cTHE |
||